| 000 | 01209nam0a22003011 4500 | ||
|---|---|---|---|
| 001 | rc\3405971 | ||
| 005 | 20250610000022.0 | ||
| 021 |
_aRU _b[72-16915] |
||
| 035 | _a(NLR Aleph) 007575642 | ||
| 090 |
_a5452989 _c5452989 |
||
| 100 | _a20130115d1972 |||y0rusy50 ca | ||
| 101 | 0 | _arus | |
| 102 | _aRU | ||
| 105 | _aab z |||c| | ||
| 200 | 1 |
_aДобывающая промышленность СССР _e(Экон.-геогр. очерки) _fАН СССР. Ин-т географии |
|
| 210 |
_aМосква _cМысль _d1972 |
||
| 215 |
_a184 с. _cчерт., карт. _d20 |
||
| 320 | _aСписок лит.: с. 176-183 | ||
| 532 | 1 | 2 | _aДобывающая промышленность Союза Советских Социалистических Республик |
| 606 |
_aГорная промышленность СССР _2psbo |
||
| 700 | 1 |
_aРостовцев _bМ. И. _cканд. геогр. наук _f1912- _gМихаил Иванович _9139478 _3RU\NLR\AUTH\770139513 |
|
| 701 | 1 |
_aРунова _bТ. Г. _gТатьяна Григорьевна |
|
| 801 | 0 |
_aRU _bNLR _gpsbo |
|
| 801 | 1 |
_aRU _bELAR _2rusmarc |
|
| 852 |
_aNLR _j72-3/3006 |
||
| 942 | _cBOOK | ||
| 980 | _aNB | ||